País Asiático Aleatório por Bandeira - Statistics

Estatísticas Gerais
  • Esse quiz foi jogado 13 522 vezes
  • A pontuação média é 8 de 10
Estatísticas das Respostas
Imagem Resposta % Correto
China
98%
Israel
98%
Japão
98%
Coréia do Sul
97%
Índia
97%
Turquia
97%
Arábia Saudita
96%
Coréia do Norte
95%
Nepal
95%
Catar
94%
Chipre
94%
Irão
93%
Líbano
93%
Vietname
91%
Geórgia
90%
Bangladesh
89%
Butão
89%
Malásia
89%
Filipinas
88%
Iraque
88%
Paquistão
88%
Tailândia
88%
Sri Lanka
87%
Indonésia
86%
Síria
86%
Cazaquistão
85%
Taiwan
84%
Camboja
83%
Singapura
83%
Laos
82%
Afeganistão
80%
Bahrein
79%
Mongólia
79%
Emirados Árabes Unidos
78%
Brunei
76%
Turquemenistão
76%
Armênia
75%
Azerbaijão
74%
Uzbequistão
74%
Jordânia
73%
Maldivas
71%
Quirguistão
71%
Birmânia
70%
Timor Leste
70%
Omã
69%
Kuweit
67%
Tajiquistão
66%
Iémen
65%
Nenhum quiz correspondente encontrado
Distribuição das Pontuações
Porcentagem de Pessoas com Cada Pontuação
Percentil de Números Respondidos
Sua Pontuação Histórica
Você não jogou esse quiz